00622 a2200181 450000100060000002000180000604000220002410000190004624000480006524500430011330000080015636200090016465000210017394200070019495201110020195201110031299900170042359152 a9788536307022 cAnchieta - Pituba aMilani, Estela10aJogos de matemática de 6º a 9º anolpor10aJogos de matemática de 6º a 9º ano a1040 a2007 4aTeoria dos jogos cBK 00104070a91.1b91.1d2023-11-21l0o519.3 S666j SMO JOGp10131/PITr2023-11-21 18:27:04w2023-11-21yBK 00104070a91.1b91.1d2023-11-21l0o519.3 S666j SMO JOGp10132/PITr2023-11-21 18:27:05w2023-11-21yBK c59152d59152